000
00302nam a2200133Ia 4500
100
_a
Santacruz operation Inc
942
_c
BK
654
_a
UNIX
245
_a
Development system:Programmers reference
260
_b
Santacruz Operation Inc.
082
_a
5.43
_b
SCO
546
_a
ENGLISH
999
_c
26123
_d
26123